| 000 | 00469nam a2200145 a 4500 | ||
|---|---|---|---|
| 001 | 000032172 | ||
| 005 | 20200930063506.0 | ||
| 008 | 110713s1949 dr r 000 p spa d | ||
| 040 |
_aDO-SdBNP _bspa _cBNPHU |
||
| 082 |
_axxxx _bM843p |
||
| 100 | 1 |
_aMoreno Jimenes, Domingo, _d1894-1986 _919534 |
|
| 245 | 1 | 3 |
_aEl poema de la hija reintegrada / _cMoreno Jimenes. |
| 260 |
_aCiudad Trujillo, República Dominicana : _bLibrería Dominicana, _c1949. |
||
| 300 |
_a72 p. ; _c15 cm. |
||
| 999 |
_c31663 _d31663 |
||